Outer Banks Quiz A-Z - Statistics

General Stats
  • This quiz has been taken 325 times
  • The average score is 15 of 22
Answer Stats
Questions Letter Answer % Correct
The last pogue to join the series C Cleo
94%
Main Character J John B
88%
Sarah's boyfriend in the beginning of the show T Topper
88%
A drug dealer who gets rafe drugs in season 1 B Barry
86%
Pogue that is family with Denmark Tanny P Pope
83%
Sarah's dad W Ward
83%
Abbrevation of Outer Banks O OBX
78%
Popes last name (and dads name) H Heyward
76%
The actor of Rafe D Drew Starkey
72%
John B's last name R Routledge
72%
What does John B call Sarah? V Val
71%
State where the Outer Banks is locatedin N North carolina
68%
Actress of Sarah Cameron M Madelyn Cline
66%
"The city of gold" E Eldorado
64%
Storm in the beginning of season 1 is called A Agatha
63%
The rich side of the island F figure 8
60%
JJ's dad G Groff
58%
The county where OBX K Kildare
52%
Woman who wants the key to thecross of Santo Domingo L Limbrey
49%
Rudy Pankow (actor of JJ) was in a moviewith Tom Holland called what? U Uncharted
45%
Where in Mexico want to go does JJ wantto go Y Yucatan
44%
Man who "rules" Barbados S Singh
42%
No matching quizzes found
Score Distribution
Percent of People with Each Score
Percentile by Number Answered
Your Score History
You have not taken this quiz